Online
Catalog

Jesucristo evangelio viviente del padre / (Record no. 12177)

MARC details
000 -CABECERA
campo de control de longitud fija 00554nam a2200157 a 4500
001 - NÚMERO DE CONTROL
campo de control 000012522
005 - FECHA Y HORA DE LA ÚLTIMA TRANSACCIÓN
campo de control 20200929163031.0
008 - DATOS DE LONGITUD FIJA--INFORMACIÓN GENERAL
campo de control de longitud fija 091113s1997 dr a 000 0 spa d
040 ## - FUENTE DE LA CATALOGACIÓN
Centro catalogador/agencia de origen DO-SdBNP
Lengua de catalogación spa
Centro/agencia transcriptor BNPHU
100 1# - ENTRADA PRINCIPAL--NOMBRE DE PERSONA
Nombre de persona Mejía Vallejo, Fausto Ramón
9 (RLIN) 20492
245 10 - MENCIÓN DE TÍTULO
Título Jesucristo evangelio viviente del padre /
Mención de responsabilidad, etc. Fausto Ramón Mejía Vallejo, José Salvador Mejía ; prólogo P. Mateo Andrés.
250 ## - MENCIÓN DE EDICIÓN
Mención de edición 3a ed.
260 ## - PUBLICACIÓN, DISTRIBUCIÓN, ETC.
Lugar de publicación, distribución, etc. Santo Domingo :
Nombre del editor, distribuidor, etc. Ediciones MSC,
Fecha de publicación, distribución, etc. 1997.
300 ## - DESCRIPCIÓN FÍSICA
Extensión 173.
-- ils. ;
Dimensiones 23 cm.
700 1# - PUNTO DE ACCESO ADICIONAL--NOMBRE DE PERSONA
Nombre de persona Andrés, P. Mateo,
Término indicativo de función/relación pról.
9 (RLIN) 29233
Holdings
Estado de retiro Estado de pérdida No para préstamo Código de colección Localización permanente Ubicación/localización actual Ubicación en estantería Fecha de adquisición Número de inventario Total de préstamos Signatura topográfica completa Código de barras Fecha visto por última vez Precio válido a partir de Tipo de ítem Koha
    Excluido de préstamo Patrimonio Dominicano Patrimonio Dominicano Patrimonio Dominicano En catalogación 13.11.2009 LF1   12522-10 25.06.2020 25.06.2020 Libro y Folleto Colección Patrimonio Dominicano

Powered by Koha